书目信息 |
| 题名: |
环境工程微生物学
|
|
| 作者: | 周群英 , 王士芬 编著 | |
| 分册: | ||
| 出版信息: | 北京 高等教育出版社 2008.04 |
|
| 页数: | 455页 | |
| 开本: | 26cm | |
| 丛书名: | ||
| 单 册: | ||
| 中图分类: | X172 | |
| 科图分类: | ||
| 主题词: | ||
| 电子资源: | ||
| ISBN: | 978-7-04-022265-4 | |
| 000 | 01222nam0 2200253 450 | |
| 001 | 1461689916 | |
| 005 | 20201023173626.69 | |
| 010 | @a978-7-04-022265-4@dCNY39.90 | |
| 100 | @a20110316d2008 em y0chiy50 ea | |
| 101 | 0 | @achi |
| 102 | @aCN@b110000 | |
| 105 | @aa a 000yy | |
| 200 | 1 | @a环境工程微生物学@Ahuan jing gong cheng wei sheng wu xue@f周群英,王士芬编著@Fzhou qun ying,wang shi fen bian zhu |
| 210 | @a北京@c高等教育出版社@d2008.04 | |
| 215 | @a455页@c图@d26cm | |
| 300 | @a普通高等教育“十一五”国家级规划教材 | |
| 330 | @a本书主要内容包括绪论;环境工程中细胞型微生物类群——原核微生物及真核微生物;非细胞型微生物——病毒;微生物的营养与环境工程;微生物的代谢与环境工程;微生物的生长繁殖与环境工程;微生物的遗传变异与环境工程;微生物生态学原理与环境工程;水污染控制微生物工程;有机固体废弃物处理微生物工程;废气污染控制微生物工程;污染环境微生物修复工程等。 | |
| 333 | @a可作为环境工程、环境科学、给水排水、环境监测、环境管理等专业的教学用书,也可供从事相关专业的科技人员参考。 | |
| 690 | @aX172@v4 | |
| 701 | 0 | @a周群英@Azhou qun ying@4编著 |
| 701 | 0 | @a王士芬@Awang shi fen@4编著 |
| 801 | 0 | @aCN@b河南天富文化传播有限公司@c20110617 |
| 905 | @a10447@dX172@eZ7801 | |
| 906 | @cTF@dCNY42.00@n3@r1 | |
| 环境工程微生物学/周群英,王士芬编著.-北京:高等教育出版社,2008.04 |
| 455页:图;26cm |
| 普通高等教育“十一五”国家级规划教材.-使用对象:可作为环境工程、环境科学、给水排水、环境监测、环境管理等专业的教学用书,也可供从事相关专业的科技人员参考。 |
| ISBN 978-7-04-022265-4:CNY39.90 |
| 本书主要内容包括绪论;环境工程中细胞型微生物类群——原核微生物及真核微生物;非细胞型微生物——病毒;微生物的营养与环境工程;微生物的代谢与环境工程;微生物的生长繁殖与环境工程;微生物的遗传变异与环境工程;微生物生态学原理与环境工程;水污染控制微生物工程;有机固体废弃物处理微生物工程;废气污染控制微生物工程;污染环境微生物修复工程等。 |
| ● |
| 相关链接 |
|
|
|
正题名:环境工程微生物学
索取号:X172/Z7801
 
预约/预借
| 序号 | 登录号 | 条形码 | 馆藏地/架位号 | 状态 | 备注 |
| 1 | 1301165 | 213011658 | 市政与环境工程学院资料室/501自科库 63排5列2层/ [索取号:X172/Z7801] | 在馆 | |
| 2 | 1452964 | 214529642 | 自科库501/501自科库 63排5列2层/ [索取号:X172/Z7801] | 在馆 | |
| 3 | 493855 | 204938559 | 市政与环境工程学院资料室/501自科库 63排5列2层/ [索取号:X172/Z7801] | 在馆 |